Hommage à Myriam David (1917-2004) (notice n° 1838451)

détails MARC
000 -LEADER
fixed length control field 01179cam a2200157 4500500
005 - DATE AND TIME OF LATEST TRANSACTION
control field 20260329004917.0
041 ## - LANGUAGE CODE
Language code of text/sound track or separate title fre
042 ## - AUTHENTICATION CODE
Authentication code dc
100 10 - MAIN ENTRY--PERSONAL NAME
Personal name Barraco de Pinto, Marthe
Relator term author
245 00 - TITLE STATEMENT
Title Hommage à Myriam David (1917-2004)
260 ## - PUBLICATION, DISTRIBUTION, ETC.
Date of publication, distribution, etc. 2005.<br/>
500 ## - GENERAL NOTE
General note 74
520 ## - SUMMARY, ETC.
Summary, etc. Voir épisodiquement son enfant dans le cadre d’un espace rencontre, c’est accepter la règle posée par le juge qui énonce que l’intimité familiale de la relation parent-enfant s’exposera en un lieu public. Cette étude, menée auprès de parents détenteurs d’un droit de visite, tente de rendre compte de la manière dont ils gèrent ce hiatus, de la nécessité pour eux, voire pour leurs enfants, de ritualiser ce passage de seuil dont l’intensité émotionnelle peut être éprouvante. Nous verrons ainsi se détacher quelques traits caractérisant, à un moment ou à un autre de leur parcours, l’attitude de ces parents : la convivialité, l’indépendance ou la démonstration anxieuse.
786 0# - DATA SOURCE ENTRY
Note Dialogue | 167 | 1 | 2005-03-01 | p. 121-124 | 0242-8962
856 41 - ELECTRONIC LOCATION AND ACCESS
Uniform Resource Identifier <a href="https://shs.cairn.info/revue-dialogue-2005-1-page-121?lang=fr&redirect-ssocas=7080">https://shs.cairn.info/revue-dialogue-2005-1-page-121?lang=fr&redirect-ssocas=7080</a>

Pas d'exemplaire disponible.

PLUDOC

PLUDOC est la plateforme unique et centralisée de gestion des bibliothèques physiques et numériques de Guinée administré par le CEDUST. Elle est la plus grande base de données de ressources documentaires pour les Étudiants, Enseignants chercheurs et Chercheurs de Guinée.

Adresse

627 919 101/664 919 101

25 boulevard du commerce
Kaloum, Conakry, Guinée

Réseaux sociaux

Powered by Netsen Group @ 2025